Statistiques concernant Culture Générale - Série 1244

Cliquez ici pour prendre le quiz!

Statistiques générales

  • Ce quiz a été pris 45 fois
  • Le résultat moyen est 8 sur 10

Statistiques - réponses

QuestionRéponse% Correct
Quelle ville, célèbre pour ses casinos, est la plus touristique de l'État du Nevada ?Las Vegas
100%
D'après le proverbe, quels animaux dansent "quand le chat n'est pas là" ?souris
98%
A quel petit de la brebis compare-t-on une personne très douce ?agneau
95%
Quelle expression italienne qualifie des pâtes cuites, mais encore fermes ?al dente
93%
Quand elle met bas, quelle femelle cochonne ?truie
86%
En 1976, quel rocker français chante "Gabrielle" ?Johnny Hallyday
77%
Quel prix Nobel a été attribué au docteur Albert Schweitzer en 1952 ?Paix
77%
D'après le proverbe, qui sont rois au royaume des aveugles ?borgnes
77%
Quel mot de 3 lettres désigne le garçon d'écurie chargé de garder et de soigner les chevaux de course ?lad
66%
A partir de quelle céréale le bourbon est-il principalement distillé ?maïs
50%

Distribution des résultats

Percentile par nombre de réponses

% des personnes avec chaque résultat

Votre développement - résultats

Vous n’avez pas pris ce quiz